000 00797nam a22002897a 4500
001 BR8904593
003 BR-BrBNA
005 20230928093316.0
007 ta
008 230509b bl.||||| |||| 00| 0 por d
040 _aBR-BrBNA
_bpor
_cBiblioteca Nacional de Agricultura
041 _a(Por)
072 _aF01
_b3575
090 _ 3575 BR8904593
100 1 _aBarros, A.C.S.A.
100 1 _aPeske, S.T.
100 1 _aLucca Filho, O.A.
110 1 _aUniversidade Federal de Pelotas, RS (Brasil)
_910876
245 1 _aTecnologia de sementes; resumo de dissertacoes
260 3 _aPelotas, RS (Brasil):
_c1984.
300 _a25 p.
650 _aDORMENCIA DA SEMENTE
650 _aPODER GERMINATIVO
650 _aBENEFICIAMENTO
909 _a202309
_bLucia
_c55
_dLucia Elande
942 _cBK
999 _c44224
_d44224